000 00553nam a22001937a 4500
003 OSt
005 20180116183047.0
008 160721b xxu||||| |||| 00| 0 eng d
020 _a9781292060613
040 _c0
082 _a657.9042 SCA 2015
100 _aNorman M. Scarborough
245 _aEntrepreneurship and Effective Small Business Management
_cNorman M. Scarborough
250 _a11th
260 _aChina
_bPearson
_c2015
300 _a936 p.
_bPB
440 _aEntrepreneurship and Effective Small Business Management
942 _2ddc
_cBK
999 _c351458
_d351458